Szczegóły MARC21

VIII Sejmik Morski "Polska a Europa bałtycka", Gdańsk, maj 1992 r /

005 -DATA I CZAS OSTATNIEJ MODYFIKACJI [,]
    • @
    • pole kontrolne
    • 20070315155141.9
040 -Instytucja sporządzająca opis [ , ]
    • a
    • Instytucja, która sporządziła opis (NP)
    • SZCZ U
    • c
    • Instytucja, która sporządziła rekord (NP)
    • SZCZ U
041 -Język dokumentu [0, ]
    • a
    • Język tekstu (P)
    • polski
    • h
    • Język tekstu oryginalnego i/lub pośredniego (P)
    • polski
942 -Rodzaj dokumentu [ , ]
    • c
    • Rodzaj dokumentu
    • Książka
245 -Strefa tytułu i oznaczenia odpowiedzialności [0, ]
    • a
    • Tytuł
    • VIII Sejmik Morski "Polska a Europa bałtycka", Gdańsk, maj 1992 r / Find
    • c
    • Pozostałe elementy strefy tytułu i oznaczenia odpowiedzialności (NP)
    • Rada Morska Stowarzyszenia PAX. Ośrodek Badań Społeczno-EkonomicznychStowarzyszenia PAX ; [red. Jerzy Goliński].
260 -Strefa adresu wydawniczego [ , ]
    • a
    • Miejsce wydania (P)
    • Szczecin :
    • b
    • Nazwa wydawcy (P)
    • "Pax",
    • c
    • Data wydania (P)
    • 1993.
300 -Strefa opisu fizycznego [ , ]
    • a
    • Określenie formy książki i/lub objętość (NP)
    • 235 s. :
    • c
    • Format (NP)
    • 20 cm.
080 -Uniwersalna Klasyfikacja Dziesiętna [ , ]
    • a
    • Symbol klasyfikacji
    • 338.4(26)(438)(061.3)
980 -Symbol UKD [ , ]
    • a
    • UKD
    • 338.4(26)(438)(061.3)
700 -Hasło dodatkowe - nazwa osobowa [ , ]
    • a
    • Nazwa osobowa (NP)
    • Goliński Jerzy Find
Lokalizacja Data inwentaryzacji Sygnatura Numer inwentarzowy Status udost.
BG1998-01-08Z.90721Z.90721-15
BNS1998-01-08 F.277482
T2000-01-31T.1777T.1777-2